<?xml version="1.0" encoding="UTF-8"?>
<record
    xmlns:xsi="http://www.w3.org/2001/XMLSchema-instance"
    xsi:schemaLocation="http://www.loc.gov/MARC21/slim http://www.loc.gov/standards/marcxml/schema/MARC21slim.xsd"
    xmlns="http://www.loc.gov/MARC21/slim">

  <leader>01601nam a2200193 a 4500</leader>
  <controlfield tag="001">000027546</controlfield>
  <controlfield tag="005">20200930030919.0</controlfield>
  <controlfield tag="008">110401s1996    dr            000 0 spa d</controlfield>
  <datafield tag="040" ind1=" " ind2=" ">
    <subfield code="a">DO-SdBNP</subfield>
    <subfield code="b">spa</subfield>
    <subfield code="c">BNPHU</subfield>
  </datafield>
  <datafield tag="041" ind1="1" ind2="7">
    <subfield code="a">spa,</subfield>
    <subfield code="h">eng</subfield>
  </datafield>
  <datafield tag="082" ind1=" " ind2=" ">
    <subfield code="a">xxxx</subfield>
  </datafield>
  <datafield tag="111" ind1="2" ind2=" ">
    <subfield code="a">Taller Sobre Instituciones Financieras de Desarrollo Europeas</subfield>
    <subfield code="d">(1995, dic. 11 :</subfield>
    <subfield code="c">Santo Domingo)</subfield>
    <subfield code="9">54637</subfield>
  </datafield>
  <datafield tag="245" ind1="1" ind2="0">
    <subfield code="a">Conclusiones del Taller Sobre Instituciones Financieras de Desarrollo Europeas. /</subfield>
    <subfield code="c">realatoria y conclusiones Luis Felipe Vidal.</subfield>
  </datafield>
  <datafield tag="246" ind1="1" ind2="4">
    <subfield code="a">Clonclusions of workshop on European Development Finance Institutions</subfield>
  </datafield>
  <datafield tag="260" ind1=" " ind2=" ">
    <subfield code="a">Santo Domingo :</subfield>
    <subfield code="b">Fedeaci&#xF3;n de C&#xE1;maras Europeas de Comercio de la Republica Dominicana,</subfield>
    <subfield code="c">1996.</subfield>
  </datafield>
  <datafield tag="300" ind1=" " ind2=" ">
    <subfield code="a">93 p. ;</subfield>
    <subfield code="c">23 cm.</subfield>
  </datafield>
  <datafield tag="505" ind1="0" ind2=" ">
    <subfield code="t">Discurso de apertura /</subfield>
    <subfield code="r">Fernando Gonz&#xE1;lez Nicol&#xE1;s ,</subfield>
    <subfield code="r">Martino Meloni ,</subfield>
    <subfield code="r">Enrique Sard&#xE1; Valls ,</subfield>
    <subfield code="r">Richard Thompson ,</subfield>
    <subfield code="r">Michael Bax --</subfield>
    <subfield code="t">Panel 1: Introducci&#xF3;n de las Instituciones Financieras de Desarrollo Europeas /</subfield>
    <subfield code="r">Hans Meier Ewert,</subfield>
    <subfield code="r">Stephen Cake,</subfield>
    <subfield code="r">Alberto Clerigu&#xE9;s,</subfield>
    <subfield code="r">Hendrick Luhl,</subfield>
    <subfield code="r">Roy Samaroo,</subfield>
    <subfield code="t">Panel 2: Como presentar proyectos factibles a las Instituciones Financieras de Desarrollo Europeas /</subfield>
    <subfield code="r">Michael Bax,</subfield>
    <subfield code="r">Fernando Arce&#xF1;a,</subfield>
    <subfield code="r">Alberto de los Santos Billini --</subfield>
    <subfield code="t">Panel 3: Necesidades financieras de los sectores dominicanos /</subfield>
    <subfield code="r">Osmar Benitez ,</subfield>
    <subfield code="r">Sim&#xF3;n Su&#xE1;rez ,</subfield>
    <subfield code="r">Celso Marranzini ,</subfield>
    <subfield code="r">Eddy Mart&#xED;nez ,</subfield>
    <subfield code="r">H&#xE9;ctor Guiliani Cury --</subfield>
    <subfield code="t">Panel 4: Asunto legales, fiscales, y pr&#xE1;cticos para hacer negocios en Rep&#xFA;blica Dominicana /</subfield>
    <subfield code="r">Luis Pellerano ,</subfield>
    <subfield code="r">Manuel Cocco --</subfield>
    <subfield code="t">Clausura /</subfield>
    <subfield code="r">Edmund Duckwitz --</subfield>
    <subfield code="t">Conclusines</subfield>
  </datafield>
  <datafield tag="700" ind1="1" ind2=" ">
    <subfield code="a">Vidal, Luis Felipe</subfield>
    <subfield code="9">54638</subfield>
  </datafield>
  <datafield tag="952" ind1=" " ind2=" ">
    <subfield code="0">0</subfield>
    <subfield code="1">0</subfield>
    <subfield code="7">1</subfield>
    <subfield code="8">PD</subfield>
    <subfield code="a">PD</subfield>
    <subfield code="b">PD</subfield>
    <subfield code="c">CT</subfield>
    <subfield code="d">2011-04-01</subfield>
    <subfield code="i">LF1</subfield>
    <subfield code="l">0</subfield>
    <subfield code="o">xxxx </subfield>
    <subfield code="p">27546-10</subfield>
    <subfield code="r">2020-06-25</subfield>
    <subfield code="w">2020-06-25</subfield>
    <subfield code="y">LFPD</subfield>
    <subfield code="Z">No se presta</subfield>
  </datafield>
  <datafield tag="952" ind1=" " ind2=" ">
    <subfield code="0">0</subfield>
    <subfield code="1">0</subfield>
    <subfield code="7">1</subfield>
    <subfield code="8">PD</subfield>
    <subfield code="a">PD</subfield>
    <subfield code="b">PD</subfield>
    <subfield code="c">CT</subfield>
    <subfield code="d">2011-04-01</subfield>
    <subfield code="i">LF1</subfield>
    <subfield code="l">0</subfield>
    <subfield code="o">xxxx </subfield>
    <subfield code="p">27546-20</subfield>
    <subfield code="r">2020-06-25</subfield>
    <subfield code="t">e. 2</subfield>
    <subfield code="w">2020-06-25</subfield>
    <subfield code="y">LFPD</subfield>
    <subfield code="Z">No se presta</subfield>
  </datafield>
  <datafield tag="999" ind1=" " ind2=" ">
    <subfield code="c">27038</subfield>
    <subfield code="d">27038</subfield>
  </datafield>
</record>
